000 00269nam a22001097a 4500
008 160425b xxu||||| |||| 00| 0 eng d
020 _a0131133209
041 _aeng
080 _a618.2
245 _aChild health nursing:
_cJane W. Ball; Ruth C. Bindler;
942 _2udc
_cBK
999 _c1568
_d1568